| 000 | 00398nam a2200133Ia 4500 | ||
|---|---|---|---|
| 005 | 20260326235506.0 | ||
| 008 | 260326s9999||||xx |||||||||||||| ||und|| | ||
| 100 | _aKemner, Paul | ||
| 245 | 0 |
_aBuilding arts and crafts furniture : _b 25 authentic projects that celebrate simple elegance and timeless Design / _cPaul Kemner |
|
| 260 | _bSterling | ||
| 300 | _a144 p. | ||
| 650 | _aMUEBLES | ||
| 942 | _cBK | ||
| 999 |
_c8194 _d8194 |
||